Chartres (Record no. 4802)

MARC details
000 -CABECERA
campo de control de longitud fija 00807nam a2200253 a 4500
001 - NÚMERO DE CONTROL
campo de control BRCA_5108
005 - FECHA Y HORA DE LA ÚLTIMA TRANSACCIÓN
campo de control 20190320204937.0
008 - DATOS DE LONGITUD FIJA--INFORMACIÓN GENERAL
campo de control de longitud fija 181110s1950----fr-a######---#000-0#fre-#
041 ## - CÓDIGO DE LENGUA
Código de lengua del texto/banda sonora o título independiente fre
044 ## - CÓDIGO DEL PAÍS DE LA ENTIDAD EDITORA/PRODUCTORA
Código MARC del país fr
050 #4 - SIGNATURA TOPOGRÁFICA DE LA BIBLIOTECA DEL CONGRESO
Número de clasificación NA5551.Ch3
Número de documento/Ítem .Ch37 1950
245 10 - MENCIÓN DE TÍTULO
Título Chartres
Resto del título un des Hauts Lieux de la Chrétienté
Mención de responsabilidad, etc. photographies et héliogravure de M. Lescuyer & Fils.
260 ## - PUBLICACIÓN, DISTRIBUCIÓN, ETC.
Lugar de publicación, distribución, etc. [Lyon, Francia]
Nombre del editor, distribuidor, etc. [Lescuyer]
Fecha de publicación, distribución, etc. [1950]
300 ## - DESCRIPCIÓN FÍSICA
Extensión 17 p.
Otras características físicas il.
Dimensiones 19 cm.
500 ## - NOTA GENERAL
Nota general Incluye índice de ilustraciones
500 ## - NOTA GENERAL
Nota general Cuenta con una hoja suelta con texto en inglés
500 ## - NOTA GENERAL
Nota general E9
650 14 - PUNTO DE ACCESO ADICIONAL DE MATERIA--TÉRMINO DE MATERIA
Término de materia o nombre geográfico como elemento de entrada Arquitectura religiosa
9 (RLIN) 4011
650 14 - PUNTO DE ACCESO ADICIONAL DE MATERIA--TÉRMINO DE MATERIA
Término de materia o nombre geográfico como elemento de entrada Catedrales
9 (RLIN) 7862
651 #4 - PUNTO DE ACCESO ADICIONAL DE MATERIA--NOMBRE GEOGRÁFICO
Nombre geográfico Chartres, Francia
Subdivisión general Catedral de Notre-Dame
9 (RLIN) 13027
700 1# - PUNTO DE ACCESO ADICIONAL--NOMBRE DE PERSONA
Nombre de persona Lescuyer, M.
Término indicativo de función/relación Ilustrador
9 (RLIN) 13028
902 ## - CATALOGADOR
Iniciales GFM
942 ## - ELEMENTOS DE PUNTO DE ACCESO ADICIONAL (KOHA)
Fuente del sistema de clasificación o colocación Library of Congress Classification
Tipo de ítem Koha Libros
Holdings
Estado de retiro Estado de pérdida Estado dañado No para préstamo Localización permanente Ubicación/localización actual Fecha de adquisición Número de inventario Total de préstamos Signatura topográfica completa Código de barras Fecha visto por última vez Precio válido a partir de Tipo de ítem Koha
El ejemplar forma parte de la colección y puede ser consultado según las políticas vigentes.       Biblioteca del Museo Franz Mayer (Rogerio Casas-Alatriste) Biblioteca del Museo Franz Mayer (Rogerio Casas-Alatriste) 18/11/2010 E9   NA5551.Ch3 .Ch37 1950 (E9) 5334 22/03/2019 22/03/2019 Libros